| 000 | 01231cab a2200253 4500 | ||
|---|---|---|---|
| 001 | ##L134358 | ||
| 008 | 060731n2006 000 0 eng u | ||
| 035 | _a(Sirsi) u134358 | ||
| 041 | 0 | _aeng | |
| 110 | 2 |
_aScottish Rural Property and Business Association _94996 |
|
| 245 | 0 | 0 |
_aWater supplies - new rules _bchanges in water regulations may have implications for members |
| 260 | _c2006 | ||
| 490 | 0 |
_aLand Business _v(14) June/July 2006 (3) |
|
| 490 | 0 | _aSRPBA Information Sheet | |
| 520 | _aProvides an overview of the Private Water Supplies (Scotland) Regulations 2006 and the associated grant scheme which came into force on 3 July 2006. These measures were required to implement the European drinking water directive (Directive 98/83/EC). Assesses the implications of these changes in the Scottish water regulations. | ||
| 590 | _aIKA010806 | ||
| 650 | 2 | 4 | _aDIRECTIVE 98/83/EC |
| 650 | 2 | 4 | _aPRIVATE WATER SUPPLIES (SCOTLAND) REGULATIONS 2006 |
| 650 | 2 | 4 | _aPRIVATE WATER SUPPLIES (GRANTS) (SCOTLAND) REGULATIONS 2006 |
| 650 | 2 | 4 | _aPRIVATE WATER SUPPLIES (NOTICES) (SCOTLAND) REGULATIONS 2006 |
| 651 | 4 |
_aScotland _y1999- |
|
| 690 | _aENVIRONMENTAL AND LAND CONSULTANCY-WATER RESOURCE MANAGEMENT | ||
| 942 | _n0 | ||
| 999 |
_c77476 _d77476 |
||